Lessons of history / (Record no. 206)

000 -LEADER
fixed length control field 01586cam a2200361 a 4500
001 - CONTROL NUMBER
control field 15701789
003 - CONTROL NUMBER IDENTIFIER
control field OSt
005 - DATE AND TIME OF LATEST TRANSACTION
control field 20210417112952.0
008 - FIXED-LENGTH DATA ELEMENTS--GENERAL INFORMATION
fixed length control field 090416s2010 nyu b 001 0 eng
010 ## - LIBRARY OF CONGRESS CONTROL NUMBER
LC control number 2009016081
020 ## - INTERNATIONAL STANDARD BOOK NUMBER
International Standard Book Number 9781439149959 (pbk. : alk. paper)
020 ## - INTERNATIONAL STANDARD BOOK NUMBER
International Standard Book Number 143914995X (pbk. : alk. paper)
035 ## - SYSTEM CONTROL NUMBER
System control number (OCoLC)ocn319248369
040 ## - CATALOGING SOURCE
Original cataloging agency DLC
Transcribing agency DLC
Modifying agency YDX
-- YDXCP
-- DLC
050 00 - LIBRARY OF CONGRESS CALL NUMBER
Classification number D16.8
Item number .D84 2010
080 ## - UNIVERSAL DECIMAL CLASSIFICATION NUMBER
Universal Decimal Classification number 94
Item number D-92
082 00 - DEWEY DECIMAL CLASSIFICATION NUMBER
Classification number 901
Edition number 22
100 1# - MAIN ENTRY--PERSONAL NAME
Personal name Durant, Will,
Dates associated with a name 1885-1981.
245 10 - TITLE STATEMENT
Title Lessons of history /
Statement of responsibility, etc. by Will and Ariel Durant.
250 ## - EDITION STATEMENT
Edition statement Simon & Schuster trade pbk. ed.
260 ## - PUBLICATION, DISTRIBUTION, ETC.
Place of publication, distribution, etc. New York :
Name of publisher, distributor, etc. Simon & Schuster Paperbacks,
Date of publication, distribution, etc. 2010.
300 ## - PHYSICAL DESCRIPTION
Extent 117 p. ;
Dimensions 22 cm.
500 ## - GENERAL NOTE
General note Originally published: New York : Simon and Schuster, 1968.
504 ## - BIBLIOGRAPHY, ETC. NOTE
Bibliography, etc. note Includes bibliographical references and index.
505 0# - FORMATTED CONTENTS NOTE
Formatted contents note Hesitations -- History and the earth -- Biology and history -- Race and history -- Character and history -- Morals and history -- Religion and history -- Economics and history -- Socialism and history -- Government and history -- History and war -- Growth and decay -- Is progress real? -- Bibliographical guide.
650 #0 - SUBJECT ADDED ENTRY--TOPICAL TERM
Topical term or geographic name entry element History
General subdivision Philosophy.
653 ## - INDEX TERM--UNCONTROLLED
Uncontrolled term ისტორია
653 ## - INDEX TERM--UNCONTROLLED
Uncontrolled term ფილოსოფია
700 1# - ADDED ENTRY--PERSONAL NAME
Personal name Durant, Ariel.
906 ## - LOCAL DATA ELEMENT F, LDF (RLIN)
a 7
b cbc
c orignew
d 1
e ecip
f 20
g y-gencatlg
942 ## - ADDED ENTRY ELEMENTS (KOHA)
Source of classification or shelving scheme
Koha item type Books
Holdings
Withdrawn status Lost status Source of classification or shelving scheme Damaged status Not for loan Permanent location Current location Date acquired Inventory number Full call number Barcode Date last seen Price effective from Koha item type
          Ken Walker International University Ken Walker International University 11/12/2020 293 94 D-92 293 11/12/2020 11/12/2020 Books
          Ken Walker International University Ken Walker International University 11/12/2020 235 94 D-92 235 11/12/2020 11/12/2020 Books

Powered by Koha